书目信息 |
| 题名: |
颠覆之神
|
|
| 作者: | 莱希 , LaHaye , 詹金斯 , Jenkins 著 ;韩慧强 译 | |
| 分册: | ||
| 出版信息: | 北京 中国工人出版社 2001.01 |
|
| 页数: | 398页 | |
| 开本: | 20cm | |
| 丛书名: | 末世迷踪系列小说 | |
| 单 册: | ||
| 中图分类: | I712.45 | |
| 科图分类: | ||
| 主题词: | 长篇小说--美国--现代 , 长篇小说 | |
| 电子资源: | ||
| ISBN: | 7-5008-2502-1 | |
| 000 | 01156oam2 2200337 45 | |
| 001 | 012001022026 | |
| 005 | 20041207153339.82 | |
| 010 | @a7-5008-2502-1@dCNY 25.00 | |
| 035 | @a(011001)c2001022268 | |
| 100 | @a20010406d2001 em y0chiy0110 ea | |
| 101 | 1 | @achi@ceng |
| 102 | @aCN@b110000 | |
| 105 | @ay z 000ay | |
| 200 | 1 | @a颠覆之神@Adian fu zhi shen@f(美)蒂姆·莱希(Tim LaHaye), 杰里·詹金斯(Jerry B.Jenkins)著@g韩慧强译 |
| 210 | @a北京@c中国工人出版社@d2001.01 | |
| 215 | @a398页@d20cm | |
| 225 | 2 | @a末世迷踪系列小说@v2 |
| 305 | @a[美国]丁道尔出版社授权出版 香港珍珠文化企业公司代理 | |
| 330 | @a数以百万计的地球人在一刹那间消失了。究竟是外星人所为?或是背后隐藏着一个大阴谋?无论真相如何,末世序幕已经揭开……。 | |
| 410 | 0 | @12001 @a末世迷踪系列小说@v2 |
| 510 | 1 | @aTribulation Force@zeng |
| 606 | 0 | @a长篇小说@y美国@z现代 |
| 606 | 0 | @a长篇小说 |
| 690 | @aI712.45@v4 | |
| 701 | 1 | @a莱希@Alai xi@bT.@4著 |
| 701 | A1 | @aLaHaye@bTim@4著 |
| 701 | 1 | @a詹金斯@Azhan jin si@bJ.B.@4著 |
| 701 | A1 | @aJenkins@bJerry B.@4著 |
| 702 | 0 | @a韩慧强@Ahan hui qiang@4译 |
| 801 | 0 | @aCN@bNLC@c20041207 |
| 905 | @a10447@dI712.45@eD4571 | |
| 颠覆之神/(美)蒂姆·莱希(Tim LaHaye), 杰里·詹金斯(Jerry B.Jenkins)著/韩慧强译.-北京:中国工人出版社,2001.01 |
| 398页;20cm.-(末世迷踪系列小说;2) |
| ISBN 7-5008-2502-1:CNY 25.00 |
| 数以百万计的地球人在一刹那间消失了。究竟是外星人所为?或是背后隐藏着一个大阴谋?无论真相如何,末世序幕已经揭开……。 |
| ● |
| 相关链接 |
|
|
|
正题名:颠覆之神
索取号:I712.45/D4571
 
预约/预借
| 序号 | 登录号 | 条形码 | 馆藏地/架位号 | 状态 | 备注 |
| 1 | 430870 | 204308702 | 社科二线422/422社科库 32排1列5层/ [索取号:I712.45/D4571] | 在馆 | |
| 2 | 430871 | 204308711 | 社科二线422/422社科库 32排1列5层/ [索取号:I712.45/D4571] | 在馆 | |
| 3 | 430872 | 204308720 | 社科二线400B/400B社科库 28排4列1层/ [索取号:I712.45/D4571] | 在馆 |